000
00334nam a2200145Ia 4500
003
OSt
005
20231229093359.0
008
170523s9999 xx 000 0 und d
020
_a
9788126508228
040
_c
IIMTU
100
_a
Gold- Ben
245
0
_a
Speech and Audio Signal Processing
260
_a
Wiley India
942
_2
ddc
_c
02
999
_c
12466
_d
12466